000 00433 a2200145 4500
005 20250616163506.0
020 _a0-07-290685-5
082 _a004.678 GRE
100 _aGREENLAW, R.
245 _aIn-line/On-line Fundamentals of the Internet and the World Wide Web.
260 _aNew York,
_bMcGraw-Hill,
_c1999.
300 _axviii, 547p.: ill.; tables
_bBibliography, Index & References
_c23cm.
700 _aHEPP, E.
942 _2ddc
_cBKS
999 _c132
_d132